• 首页
  • 本馆介绍
  • 公告通知
  • 最新文献
  • 馆藏检索
  • 电子资源
  • 读者导购
  • 参考咨询
  • 我的图书馆
  • 登录
  • 详细信息显示
  • 放入我的书架
  • 预约/预借图书
  • 作者相关作品
  • 分类相关作品
  • 丛书相关作品
  • 出版社相关作品

书目信息

  • 表格格式
  • 工作单格式
  • 卡片格式
题名:
大学英语1~6级词汇考点记忆手册
    
 
作者: 齐乃政 主编 ;大学英语考试命题研究组 编写
分册:  
出版信息: 北京   科学技术文献出版社  1998
页数: 588页
开本: 19x11cm
丛书名: 大学英语辅导教材系列丛书
单 册:
中图分类: H313-62 , H313
科图分类:
主题词: 英语--词汇--手册
电子资源:
ISBN: 7-5023-3134-4
000 00918oam2 2200265 450
001 1259768194
005 20121012163723.15
010    @a7-5023-3134-4@dCNY16.80
100    @a20001009d1998 fm y0chiy0120 ea
101 0  @achi@aeng
102    @aCN@b110000
105    @ay z 000yy
200 1  @a大学英语1~6级词汇考点记忆手册@ADa Xue Ying Yu 1 ~ 6 Ji Ci Hui Kao Dian Ji Yi Shou Ce@f主编齐乃政@FZhu Bian Qi Nai Zheng@g编写大学英语考试命题研究组
210    @a北京@c科学技术文献出版社@d1998
215    @a588页@d19x11cm
225 2  @a大学英语辅导教材系列丛书
300    @a据教育部最新考试大纲调整范围编写。
461  0 @12001 @a大学英语辅导教材系列丛书
606    @a英语--词汇@x手册
690    @aH313-62@v4
690    @aH313@v3
701  0 @a齐乃政@AQi Nai Zheng@4主编
712 02 @a大学英语考试命题研究组@ADa Xue Ying Yu Kao Shi Ming Ti Yan Jiu Zu@4编写
801  0 @aCN@bNLC@c20101222
905    @a10447@dH313@eJY347
    
    大学英语1~6级词汇考点记忆手册/主编齐乃政/编写大学英语考试命题研究组.-北京:科学技术文献出版社,1998
    588页;19x11cm.-(大学英语辅导教材系列丛书)
    据教育部最新考试大纲调整范围编写。
    
    ISBN 7-5023-3134-4:CNY16.80
    
●
相关链接 在E读中查询图书 在五车中查询图书 在当当中查询图书 在豆瓣中查询图书


正题名:大学英语1~6级词汇考点记忆手册     索取号:H313/JY347         预约/预借

序号 登录号 条形码 馆藏地/架位号 状态 备注
1 7821728   278217289   学院路分馆/ [索取号:H313/JY347] 在馆    
2 7821729   278217298   学院路分馆/ [索取号:H313/JY347] 在馆    
唐山师范学院图书馆 欢迎您!
大连网信软件有限公司© 版权所有